Mexicanische zustände aus den Jahren 1830 bis 1832. Vom verfasser der ´Briefe in die heimath, geschrieben zwischen october 1829 und märz 1830, während einer reise über Frankreich, England und die Vereinigten Staaten von Nordamerica nach Mexico …´. (Record no. 4755)
[ view plain ]
| 000 -CABECERA | |
|---|---|
| campo de control de longitud fija | 00762nam a2200205 a 4500 |
| 001 - NÚMERO DE CONTROL | |
| campo de control | BRCA_5061 |
| 005 - FECHA Y HORA DE LA ÚLTIMA TRANSACCIÓN | |
| campo de control | 20190320204925.0 |
| 008 - DATOS DE LONGITUD FIJA--INFORMACIÓN GENERAL | |
| campo de control de longitud fija | 081110s1837----gw-#######---#000-0#ger-# |
| 041 ## - CÓDIGO DE LENGUA | |
| Código de lengua del texto/banda sonora o título independiente | ger |
| 044 ## - CÓDIGO DEL PAÍS DE LA ENTIDAD EDITORA/PRODUCTORA | |
| Código MARC del país | gw |
| 084 ## - OTRO NÚMERO DE CLASIFICACIÓN | |
| Número de clasificación | F1211 |
| Número de documento/Ítem | .M49 1837 |
| 245 10 - MENCIÓN DE TÍTULO | |
| Título | Mexicanische zustände aus den Jahren 1830 bis 1832. Vom verfasser der ´Briefe in die heimath, geschrieben zwischen october 1829 und märz 1830, während einer reise über Frankreich, England und die Vereinigten Staaten von Nordamerica nach Mexico …´. |
| 260 ## - PUBLICACIÓN, DISTRIBUCIÓN, ETC. | |
| Lugar de publicación, distribución, etc. | Stuttgart : Augsburgo |
| Nombre del editor, distribuidor, etc. | Cotta |
| Fecha de publicación, distribución, etc. | 1837 |
| 300 ## - DESCRIPCIÓN FÍSICA | |
| Extensión | 2 v. |
| Dimensiones | 21 cm. |
| 500 ## - NOTA GENERAL | |
| Nota general | Estado físico : algunas hojas presentan manchas |
| 500 ## - NOTA GENERAL | |
| Nota general | D150 |
| 651 #4 - PUNTO DE ACCESO ADICIONAL DE MATERIA--NOMBRE GEOGRÁFICO | |
| Nombre geográfico | México |
| Subdivisión general | Descripción y viajes |
| 9 (RLIN) | 103 |
| 902 ## - CATALOGADOR | |
| Iniciales | GFM |
| 942 ## - ELEMENTOS DE PUNTO DE ACCESO ADICIONAL (KOHA) | |
| Fuente del sistema de clasificación o colocación | Library of Congress Classification |
| Tipo de ítem Koha | Libros |
| Estado de retiro | Estado de pérdida | Estado dañado | No para préstamo | Localización permanente | Ubicación/localización actual | Fecha de adquisición | Número de inventario | Total de préstamos | Signatura topográfica completa | Código de barras | Fecha visto por última vez | Precio válido a partir de | Tipo de ítem Koha |
|---|---|---|---|---|---|---|---|---|---|---|---|---|---|
| El ejemplar forma parte de la colección y puede ser consultado según las políticas vigentes. | Biblioteca del Museo Franz Mayer (Rogerio Casas-Alatriste) | Biblioteca del Museo Franz Mayer (Rogerio Casas-Alatriste) | 08/11/2010 | D150 | F1211 .M49 1837 (D150) | 5174 | 22/03/2019 | 22/03/2019 | Libros |